| 000 | 00495nam a22001697a 4500 | ||
|---|---|---|---|
| 082 | _aBSCS-1 | ||
| 100 |
_aMuhammad Umer Khan _993543 |
||
| 245 | _aMedvision -A novel DICOM viewer | ||
| 260 |
_aIslamabad _bNUST-SEECS _c2015 |
||
| 300 |
_a50 _eCD Include |
||
| 500 | _aSupervisors: Dr. Khalid Latif, Dr. Mudassir Malik | ||
| 563 | _aHB | ||
| 700 |
_aAakifa Ishtiaq _993544 |
||
| 700 |
_aJaveria Rubab _993545 |
||
| 856 | _uhttp://10.250.8.41:8080/xmlui/handle/123456789/9851 | ||
| 942 |
_cPR _2ddc |
||
| 999 |
_c13271 _d13271 |
||